|
|
|
|
| LEADER |
00000nab a2200000ua 4500 |
| 001 |
vtls010774300 |
| 003 |
SK-MaSNL |
| 005 |
20260225182350.0 |
| 008 |
230121s2011 xo |||||||||||||||||slo| |
| 035 |
|
|
|a (urnnbn)urn:nbn:sk:snk:ar-a04g0p
|
| 035 |
|
|
|a (uuid)af67c91a-6080-4bc8-b31c-345c660bdb3e
|
| 035 |
|
|
|a urn:nbn:sk:snk-ab4rfx
|
| 040 |
|
|
|a SNKBUCL
|b slo
|c SNKBUCL
|e AACR2
|
| 041 |
0 |
|
|a slo
|
| 044 |
|
|
|a xo
|c SK
|
| 245 |
0 |
0 |
|a Návšteva MSSaM v spoločnosti Kohlschein, spol. s r. o.
|
| 773 |
0 |
|
|t Magazín stavebné stroje a mechanizácia
|g Roč. 6, č. 1 (2011), s. 38-42
|
| 954 |
|
|
|a odborná, vedecká literatúra pôvodná (slovenská)
|2 lita
|
| 958 |
|
|
|a OND
|
| 958 |
|
|
|a EUIPO
|
| 958 |
|
|
|a article3
|
| 999 |
|
|
|c 1858840
|d 1860770
|